[Event "GER-ch Youth U12M 2018"]
[Site "Willingen"]
[Date "2018.05.25"]
[Round "10"]
[White "Garner, Isaac"]
[Black "Prieb, Robert"]
[Result "1/2-1/2"]
[WhiteElo "1751"]
[BlackElo "1709"]
[Annotator "NA RC"]
[PlyCount "80"]
[EventDate "2018.05.19"]
[EventType "swiss"]
[EventCountry "GER"]
[SourceTitle "playchess.com"]
[Source "ChessBase"]
[SourceQuality "1"]
[TimeControl "40/4500+30:900+30"]

1. e4 {[%emt 0:00:00]} c5 {[%emt 0:00:11]} 2. Nf3 {[%emt 0:00:00]} d6 {[%emt 0:00:14]} 3. d4 {[%emt 0:00:00]} cxd4 {[%emt 0:00:22]} 4. Nxd4 {[%emt 0:00:00]} Nf6 {[%emt 0:00:14]} 5. Nc3 {[%emt 0:00:08]} a6 {[%emt 0:00:15]} 6. g3 {[%emt 0:00:08]} e5 {[%emt 0:01:04]} 7. Nde2 {[%emt 0:02:33]} Be7 {[%emt 0:02:13]} 8. Bg2 {[%emt 0:00:17]} Be6 {[%emt 0:02:49]} 9. a4 {[%emt 0:00:25]} Nbd7 {[%emt 0:01:34]} 10. O-O {[%emt 0:00:33]} O-O {[%emt 0:00:49]} 11. h3 {[%emt 0:00:39]} Rc8 {[%emt 0:07:08]} 12. Be3 {[%emt 0:00:48]} Nb6 {[%emt 0:05:27]} 13. b3 {[%emt 0:01:19]} Qc7 {[%emt 0:01:43]} 14. a5 {[%emt 0:03:25]} Nbd7 {[%emt 0:00:48]} 15. f4 {[%emt 0:02:12]} Nc5 {[%emt 0:12:31]} 16. f5 {[%emt 0:07:24]} Bd7 {[%emt 0:04:04]} 17. b4 {[%emt 0:00:49]} Na4 {[%emt 0:04:21]} 18. Nxa4 {[%emt 0:02:38]} Bxa4 {[%emt 0:00:25]} 19. Rxa4 {[%emt 0:00:24]} Qxc2 {[%emt 0:00:50]} 20. Qxc2 {[%emt 0:04:51]} Rxc2 {[%emt 0:00:06]} 21. Kf2 {[%emt 0:00:30]} Rfc8 {[%emt 0:00:30]} 22. Rc1 {[%emt 0:00:30]} Rxc1 {[%emt 0:00:30]} 23. Bxc1 {[%emt 0:00:30]} Rc4 {[%emt 0:00:30]} 24. Ke3 {[%emt 0:00:30]} d5 {[%emt 0:11:58]} 25. exd5 {[%emt 0:11:27]} e4 {[%emt 0:05:54]} 26. Bd2 {[%emt 0:16:56]} Nxd5+ {[%emt 0:02:10]} 27. Kf2 {[%emt 0:00:31]} Nxb4 {[%emt 0:07:56]} 28. Nc3 {[%emt 0:07:54]} Bf6 {[%emt 0:02:34]} 29. Nxe4 {[%emt 0:12:16]} Nd3+ {[%emt 0:00:35]} 30. Ke2 {[%emt 0:01:56]} Rxa4 {[%emt 0:00:49]} 31. Nxf6+ {[%emt 0:00:31]} gxf6 {[%emt 0:00:36]} 32. Kxd3 {[%emt 0:00:47]} Ra3+ {[%emt 0:00:45]} 33. Bc3 {[%emt 0:02:30]} Rb3 {[%emt 0:00:55]} 34. Bd5 {[%emt 0:02:16]} Rb5 {[%emt 0:00:49]} 35. Kc4 {[%emt 0:00:06]} b6 {[%emt 0:02:40]} 36. axb6 {[%emt 0:01:39]} Rxb6 {[%emt 0:00:05]} 37. Kc5 {[%emt 0:00:08]} Rb1 {[%emt 0:01:02]} 38. Bxf6 {[%emt 0:02:04]} Rg1 {[%emt 0:01:27]} 39. Be5 {[%emt 0:00:47]} Re1 {[%emt 0:00:34]} 40. Bc7 {[%emt 0:00:54]} Rc1+ {[%emt 0:16:35]} 1/2-1/2

[Event "GER-ch Youth U12M 2018"]
[Site "Willingen"]
[Date "2018.05.25"]
[Round "10"]
[White "Werner, Denis"]
[Black "Farokhi, Keyvan"]
[Result "1-0"]
[WhiteElo "1706"]
[BlackElo "1844"]
[Annotator "NA RC"]
[PlyCount "154"]
[EventDate "2018.05.19"]
[EventType "swiss"]
[EventCountry "GER"]
[SourceTitle "playchess.com"]
[Source "ChessBase"]
[SourceQuality "1"]
[TimeControl "40/4500+30:900+30"]

1. e4 {[%emt 0:00:00]} e5 {[%emt 0:00:17]} 2. Nf3 {[%emt 0:00:17]} Nc6 {[%emt 0:00:23]} 3. Nc3 {[%emt 0:00:29]} Nf6 {[%emt 0:00:21]} 4. d4 {[%emt 0:00:33]} exd4 {[%emt 0:00:11]} 5. Nxd4 {[%emt 0:00:30]} Bb4 {[%emt 0:00:14]} 6. Nxc6 {[%emt 0:00:52]} bxc6 {[%emt 0:00:12]} 7. Bd3 {[%emt 0:00:35]} d5 {[%emt 0:00:12]} 8. exd5 {[%emt 0:00:39]} O-O {[%emt 0:02:11]} 9. O-O {[%emt 0:01:36]} cxd5 {[%emt 0:00:21]} 10. Bg5 {[%emt 0:00:45]} c6 {[%emt 0:00:25]} 11. Qf3 {[%emt 0:01:17]} Rb8 {[%emt 0:03:40]} 12. Na4 {[%emt 0:04:42] C47: Scotch Four Knights and Four Knights with 4 g3} (12. Ne2 Bg4 13. Bxf6 Bxf3 14. Bxd8 Bxe2 15. Bxe2 Rfxd8 16. Rfd1 Be7 17. Rab1 Bf6 18. b3 Kf8 19. c4 dxc4 20. Bxc4 Rxd1+ 21. Rxd1 {½-½ (30) Kuzubov,Y (2646)-Kravtsiv,M (2657) Kocaeli 2017}) 12... Be7 {[%emt 0:04:49]} 13. h3 {[%emt 0:01:51]} h6 {[%emt 0:09:47]} 14. Bf4 {[%emt 0:04:04]} Bd6 {[%emt 0:02:37]} 15. b3 {[%emt 0:02:24]} Be6 {[%emt 0:06:21]} 16. Rad1 {[%emt 0:04:22]} c5 {[%emt 0:10:48]} 17. Nc3 {[%emt 0:02:04]} d4 $146 {[%emt 0:05:23]} ({Predecessor:} 17... Bxf4 18. Qxf4 Qa5 19. Ne2 Rb4 20. Qd2 Qc7 21. Ng3 {1-0 (48) Plazaola,M (2164)-Blagojevic,T (2004) Istanbul 2012}) 18. Ne4 {[%emt 0:03:20]} Bxf4 {[%emt 0:00:46]} 19. Qxf4 {[%emt 0:00:54]} Nxe4 {[%emt 0:02:28]} 20. Qxe4 {[%emt 0:00:30]} g6 {[%emt 0:01:21]} 21. Rfe1 {[%emt 0:04:25]} Re8 {[%emt 0:06:07]} 22. Qf4 {[%emt 0:04:48]} Qg5 {[%emt 0:07:30]} 23. Qxg5 {[%emt 0:02:02]} hxg5 {[%emt 0:00:07]} 24. Re5 {[%emt 0:00:27]} g4 {[%emt 0:00:08]} 25. h4 {[%emt 0:01:54]} Rbc8 {[%emt 0:02:43]} 26. Bb5 {[%emt 0:01:53]} Red8 {[%emt 0:01:57]} 27. Bd3 {[%emt 0:01:41]} Re8 {[%emt 0:00:32]} 28. Ba6 {[%emt 0:01:02]} Bf5 {[%emt 0:02:28]} 29. Rxf5 {[%emt 0:01:44]} gxf5 {[%emt 0:00:09]} 30. Bxc8 {[%emt 0:00:13]} Rxc8 {[%emt 0:00:05]} 31. Re1 {[%emt 0:00:26]} c4 {[%emt 0:00:32]} 32. Rd1 {[%emt 0:00:33]} cxb3 {[%emt 0:00:49]} 33. cxb3 {[%emt 0:01:01]} Rc2 {[%emt 0:01:40]} 34. Rxd4 {[%emt 0:00:36]} Rxa2 35. Ra4 {[%emt 0:00:11]} Rb2 {[%emt 0:00:47]} 36. Rxa7 {[%emt 0:00:10]} Rxb3 {[%emt 0:00:23]} 37. Ra5 {[%emt 0:00:10]} g3 {[%emt 0:01:10]} 38. fxg3 {[%emt 0:00:25]} Rxg3 {[%emt 0:00:14]} 39. Kh2 {[%emt 0:01:21]} Rg4 {[%emt 0:02:21]} 40. Kh3 {[%emt 0:00:38]} Rb4 {[%emt 0:17:49]} 41. Rxf5 {[%emt 0:15:17]} Kg7 {[%emt 0:00:11]} 42. Kg3 {[%emt 0:00:40]} f6 {[%emt 0:01:17]} 43. Rf4 {[%emt 0:00:15]} Rb5 {[%emt 0:00:30]} 44. Kg4 {[%emt 0:00:14]} Rb2 {[%emt 0:00:22]} 45. g3 {[%emt 0:01:03]} Rb5 {[%emt 0:00:42]} 46. Ra4 {[%emt 0:01:24]} Kg6 {[%emt 0:00:20]} 47. Kf4 {[%emt 0:00:35]} Rf5+ {[%emt 0:00:36]} 48. Kg4 {[%emt 0:00:13]} Rb5 {[%emt 0:00:06]} 49. Rf4 {[%emt 0:00:25]} f5+ {[%emt 0:00:53]} 50. Kf3 {[%emt 0:00:43]} Rb3+ {[%emt 0:00:13]} 51. Kg2 {[%emt 0:00:12]} Ra3 {[%emt 0:00:32]} 52. Rb4 {[%emt 0:00:18]} Ra6 {[%emt 0:01:15]} 53. Kf3 {[%emt 0:00:07]} Rc6 {[%emt 0:00:41]} 54. Kf4 {[%emt 0:00:16]} Ra6 {[%emt 0:00:20]} 55. Rd4 {[%emt 0:00:39]} Rc6 {[%emt 0:00:38]} 56. Ke5 {[%emt 0:00:40]} Rc3 {[%emt 0:01:02]} 57. Rd6+ {[%emt 0:00:13]} Kg7 {[%emt 0:00:18]} 58. Kf4 {[%emt 0:00:30]} Rb3 {[%emt 0:01:52]} 59. Re6 {[%emt 0:00:11]} Rb1 {[%emt 0:00:00]} 60. Kxf5 {[%emt 0:00:00]} Rg1 {[%emt 0:00:00]} 61. g4 {[%emt 0:00:00]} Rf1+ {[%emt 0:00:00]} 62. Kg5 {[%emt 0:00:00]} Rf7 {[%emt 0:00:00]} 63. h5 {[%emt 0:00:00]} Ra7 $18 {[%emt 0:00:00]} 64. h6+ {[%emt 0:00:00]} Kh7 {[%emt 0:00:00]} 65. Kh5 {[%emt 0:00:00]} Ra1 {[%emt 0:00:00]} 66. Re7+ {[%emt 0:00:00]} Kg8 {[%emt 0:00:00]} 67. g5 {[%emt 0:00:00]} Ra5 {[%emt 0:00:00]} 68. Re6 {[%emt 0:00:00]} Kh7 {[%emt 0:00:00]} 69. Re7+ {[%emt 0:00:00]} Kg8 {[%emt 0:00:05]} 70. Kg6 {[%emt 0:00:00]} Ra6+ {[%emt 0:00:23]} 71. Kf5 {[%emt 0:00:00]} Ra5+ {[%emt 0:00:18]} 72. Kf6 {[%emt 0:00:00]} Ra8 {[%emt 0:01:02]} 73. g6 {[%emt 0:00:00]} Kh8 {[%emt 0:01:14]} 74. Re6 {[%emt 0:00:00]} Rg8 {[%emt 0:01:36]} 75. Rd6 {[%emt 0:00:00]} Rf8+ {[%emt 0:02:21]} 76. Ke7 {[%emt 0:00:00]} Rf7+ {[%emt 0:00:04]} 77. gxf7 {[%emt 0:00:00]} Kh7 {[%emt 0:00:04]} 1-0

[Event "GER-ch Youth U12M 2018"]
[Site "Willingen"]
[Date "2018.05.25"]
[Round "10"]
[White "Rössel, Gino"]
[Black "May, Ben-Iven"]
[Result "1/2-1/2"]
[WhiteElo "1705"]
[BlackElo "1769"]
[Annotator "NA RC"]
[PlyCount "104"]
[EventDate "2018.05.19"]
[EventType "swiss"]
[EventCountry "GER"]
[SourceTitle "playchess.com"]
[Source "ChessBase"]
[SourceQuality "1"]
[TimeControl "40/4500+30:900+30"]

1. e4 {[%emt 0:00:00]} e5 {[%emt 0:00:18]} 2. Nf3 {[%emt 0:00:00]} Nc6 {[%emt 0:00:16]} 3. Bb5 {[%emt 0:00:05]} a6 {[%emt 0:00:14]} 4. Ba4 {[%emt 0:00:24]} Nf6 {[%emt 0:00:10]} 5. d3 {[%emt 0:01:58]} d6 {[%emt 0:00:42]} 6. c3 {[%emt 0:03:06]} Be7 {[%emt 0:01:21]} 7. O-O {[%emt 0:02:24]} O-O {[%emt 0:00:18]} 8. Re1 {[%emt 0:02:18]} b5 {[%emt 0:00:29]} 9. Bb3 {[%emt 0:02:17]} Na5 {[%emt 0:00:24]} 10. Bc2 {[%emt 0:00:12]} c5 {[%emt 0:04:06]} 11. Nbd2 {[%emt 0:04:37]} Re8 {[%emt 0:03:59]} 12. Nf1 {[%emt 0:01:18]} Bf8 {[%emt 0:00:05]} 13. Bg5 {[%emt 0:05:21]} Be7 {[%emt 0:07:11]} 14. Ng3 {[%emt 0:07:38]} h6 {[%emt 0:04:29]} 15. Bc1 {[%emt 0:03:17]} Bf8 {[%emt 0:01:43]} 16. d4 {[%emt 0:04:36]} Qc7 {[%emt 0:03:02]} 17. d5 {[%emt 0:03:49]} g6 {[%emt 0:02:23]} 18. h3 {[%emt 0:02:26]} Bg7 {[%emt 0:06:09]} 19. Nh2 {[%emt 0:06:37]} Qe7 {[%emt 0:06:44]} 20. f4 {[%emt 0:05:23]} Nd7 {[%emt 0:00:33]} 21. f5 {[%emt 0:03:51]} g5 {[%emt 0:01:10]} 22. Nh5 {[%emt 0:02:13]} f6 {[%emt 0:02:41]} 23. g3 {[%emt 0:04:01]} Rb8 {[%emt 0:02:54]} 24. h4 {[%emt 0:02:00]} Nb7 {[%emt 0:05:19]} 25. hxg5 {[%emt 0:00:37]} hxg5 {[%emt 0:00:19]} 26. Nxg7 {[%emt 0:01:16]} Kxg7 {[%emt 0:02:07]} 27. Ng4 {[%emt 0:01:19]} Nd8 {[%emt 0:02:48]} 28. Kg2 {[%emt 0:01:17]} Nf7 {[%emt 0:02:32]} 29. Be3 {[%emt 0:02:42]} Bb7 {[%emt 0:00:42]} 30. Rh1 {[%emt 0:02:41]} Rh8 {[%emt 0:02:08]} 31. Qe2 {[%emt 0:01:44]} Nb6 {[%emt 0:02:47]} 32. b3 {[%emt 0:02:33]} Nxd5 {[%emt 0:02:18]} 33. Rxh8 {[%emt 0:03:36]} Nxe3+ {[%emt 0:00:10]} 34. Qxe3 {[%emt 0:00:27]} Rxh8 {[%emt 0:00:08]} 35. Rh1 {[%emt 0:01:20]} Rxh1 {[%emt 0:02:58]} 36. Kxh1 {[%emt 0:00:02]} d5 {[%emt 0:00:25]} 37. exd5 {[%emt 0:02:13]} Bxd5+ {[%emt 0:02:46]} 38. Be4 {[%emt 0:00:30]} Qb7 {[%emt 0:00:25]} 39. Bxd5 {[%emt 0:01:23]} Qxd5+ {[%emt 0:00:19]} 40. Kh2 {[%emt 0:00:20]} Nd6 {[%emt 0:15:35]} 41. Qf2 {[%emt 0:15:58]} Qd3 {[%emt 0:02:10]} 42. Qxc5 {[%emt 0:00:00]} Qe2+ {[%emt 0:00:00]} 43. Nf2 {[%emt 0:00:00]} Nxf5 {[%emt 0:00:00]} 44. g4 {[%emt 0:00:00]} Nh6 {[%emt 0:00:00]} 45. Kg3 {[%emt 0:00:00]} Nf7 {[%emt 0:00:00]} 46. Qc6 {[%emt 0:00:00]} Qe3+ {[%emt 0:00:00]} 47. Kg2 {[%emt 0:00:00]} Qf4 {[%emt 0:00:00]} 48. c4 {[%emt 0:00:00]} bxc4 {[%emt 0:00:00]} 49. bxc4 {[%emt 0:00:00]} f5 {[%emt 0:00:00]} 50. gxf5 {[%emt 0:00:00]} Qxf5 {[%emt 0:00:00]} 51. c5 {[%emt 0:00:00]} g4 {[%emt 0:00:00]} 52. Qe4 {[%emt 0:03:02]} Qxe4+ 1/2-1/2

[Event "GER-ch Youth U12M 2018"]
[Site "Willingen"]
[Date "2018.05.25"]
[Round "10"]
[White "Schulemann, Gero"]
[Black "Huo, Da"]
[Result "1/2-1/2"]
[WhiteElo "1700"]
[BlackElo "1790"]
[Annotator "NA"]
[PlyCount "51"]
[EventDate "2018.05.19"]
[EventType "swiss"]
[EventCountry "GER"]
[SourceTitle "playchess.com"]
[Source "ChessBase"]
[SourceQuality "1"]
[TimeControl "40/4500+30:900+30"]

1. e4 {[%emt 0:00:00]} e5 {[%emt 0:00:03]} 2. Nf3 {[%emt 0:01:25]} Nc6 {[%emt 0:00:10]} 3. Bc4 {[%emt 0:00:05]} Bc5 {[%emt 0:00:15]} 4. c3 {[%emt 0:00:04]} Nf6 {[%emt 0:00:05]} 5. d3 {[%emt 0:00:11]} d6 {[%emt 0:00:09]} 6. a4 {[%emt 0:00:17]} a6 {[%emt 0:00:29]} 7. Na3 {[%emt 0:03:42]} Ba7 {[%emt 0:06:11]} 8. Nc2 {[%emt 0:02:44]} h6 {[%emt 0:03:09]} 9. Be3 {[%emt 0:01:43]} Bg4 {[%emt 0:02:09]} 10. Bxa7 {[%emt 0:02:32]} Nxa7 {[%emt 0:02:11]} 11. Ne3 {[%emt 0:00:39]} Qd7 {[%emt 0:17:04]} 12. b4 {[%emt 0:07:10]} Be6 {[%emt 0:05:47]} 13. Bxe6 {[%emt 0:05:11]} fxe6 {[%emt 0:13:49]} 14. Qb1 {[%emt 0:04:35]} O-O {[%emt 0:03:47]} 15. O-O {[%emt 0:07:03]} Nh5 {[%emt 0:04:18]} 16. d4 {[%emt 0:06:09]} exd4 {[%emt 0:01:38]} 17. Nxd4 {[%emt 0:00:45]} Nc6 {[%emt 0:01:42]} 18. Nxc6 {[%emt 0:04:45]} Qxc6 {[%emt 0:01:03]} 19. c4 {[%emt 0:01:12]} Qe8 {[%emt 0:02:52]} 20. f3 {[%emt 0:05:52]} Qg6 {[%emt 0:02:04]} 21. Kh1 {[%emt 0:07:21]} Qg5 {[%emt 0:01:25]} 22. Qe1 {[%emt 0:03:06]} Nf4 {[%emt 0:02:31]} 23. Rd1 {[%emt 0:03:03]} Rae8 {[%emt 0:00:47]} 24. Rd2 {[%emt 0:02:56]} Qe7 {[%emt 0:02:30]} 25. b5 {[%emt 0:03:56]} axb5 {[%emt 0:00:34]} 26. axb5 {[%emt 0:00:23]} 1/2-1/2

[Event "GER-ch Youth U12M 2018"]
[Site "Willingen"]
[Date "2018.05.25"]
[Round "10"]
[White "Chassard, Cedric"]
[Black "Foerster-Yialamas, Lucas"]
[Result "1/2-1/2"]
[WhiteElo "1590"]
[BlackElo "1924"]
[Annotator "NA"]
[PlyCount "75"]
[EventDate "2018.05.19"]
[EventType "swiss"]
[EventCountry "GER"]
[SourceTitle "playchess.com"]
[Source "ChessBase"]
[SourceQuality "1"]
[TimeControl "40/4500+30:900+30"]

1. e4 {[%emt 0:00:00]} c5 {[%emt 0:00:00]} 2. Nf3 {[%emt 0:00:00]} d6 {[%emt 0:00:00]} 3. d4 {[%emt 0:00:00]} cxd4 {[%emt 0:00:03]} 4. Nxd4 {[%emt 0:00:00]} Nf6 {[%emt 0:00:03]} 5. Nc3 {[%emt 0:00:00]} a6 {[%emt 0:00:03]} 6. Be2 {[%emt 0:00:00]} e5 {[%emt 0:00:04]} 7. Nb3 {[%emt 0:00:02]} Be6 {[%emt 0:00:07]} 8. Bg5 {[%emt 0:00:59]} Be7 {[%emt 0:01:49]} 9. O-O {[%emt 0:00:25]} Nbd7 {[%emt 0:00:35]} 10. Kh1 {[%emt 0:03:57]} O-O {[%emt 0:01:00]} 11. f4 {[%emt 0:00:53]} exf4 {[%emt 0:00:28]} 12. Bxf4 {[%emt 0:02:14]} Ne5 {[%emt 0:00:06]} 13. Nd4 {[%emt 0:03:04]} Qc7 {[%emt 0:01:24]} 14. Nxe6 {[%emt 0:02:27]} fxe6 {[%emt 0:00:02]} 15. Bxe5 {[%emt 0:00:35]} dxe5 {[%emt 0:00:00]} 16. Qd3 {[%emt 0:04:42]} b5 {[%emt 0:01:44]} 17. Qh3 {[%emt 0:01:17]} Qc6 {[%emt 0:00:43]} 18. a3 {[%emt 0:02:04]} b4 {[%emt 0:02:24]} 19. axb4 {[%emt 0:02:25]} Bxb4 {[%emt 0:00:11]} 20. Na2 {[%emt 0:05:07]} Ba5 {[%emt 0:02:56]} 21. b4 {[%emt 0:04:04]} Bc7 {[%emt 0:00:36]} 22. Qc3 {[%emt 0:04:21]} Qxc3 {[%emt 0:07:12]} 23. Nxc3 {[%emt 0:00:08]} Bd6 {[%emt 0:00:24]} 24. b5 {[%emt 0:01:48]} Rac8 {[%emt 0:03:43]} 25. Rxa6 {[%emt 0:01:33]} Rxc3 {[%emt 0:02:15]} 26. Rxd6 {[%emt 0:00:09]} Rxc2 {[%emt 0:01:03]} 27. Bf3 {[%emt 0:00:40]} Nxe4 {[%emt 0:02:42]} 28. Rd7 {[%emt 0:00:56]} Nd2 {[%emt 0:01:10]} 29. Ra1 {[%emt 0:01:31]} Nxf3 {[%emt 0:09:14]} 30. gxf3 {[%emt 0:00:33]} Rb2 {[%emt 0:00:37]} 31. Raa7 {[%emt 0:03:43]} Rxf3 {[%emt 0:23:49]} 32. Rxg7+ {[%emt 0:01:02]} Kf8 {[%emt 0:00:02]} 33. Kg1 {[%emt 0:00:41]} e4 {[%emt 0:09:39]} 34. Rxh7 {[%emt 0:00:39]} Rb1+ {[%emt 0:00:50]} 35. Kg2 {[%emt 0:00:14]} Rb2+ {[%emt 0:00:10]} 36. Kg1 {[%emt 0:00:06]} Kg8 {[%emt 0:00:19]} 37. Rag7+ {[%emt 0:00:36]} Kf8 {[%emt 0:00:10]} 38. Ra7 1/2-1/2

[Event "GER-ch Youth U12M 2018"]
[Site "Willingen"]
[Date "2018.05.25"]
[Round "10"]
[White "Lehmann, Nils"]
[Black "Weidenhoefer, Max"]
[Result "1/2-1/2"]
[WhiteElo "1558"]
[BlackElo "1709"]
[Annotator "NA RC"]
[PlyCount "161"]
[EventDate "2018.05.19"]
[EventType "swiss"]
[EventCountry "GER"]
[SourceTitle "playchess.com"]
[Source "ChessBase"]
[SourceQuality "1"]
[TimeControl "40/4500+30:900+30"]

1. e4 {[%emt 0:00:00]} c6 {[%emt 0:00:03]} 2. d4 {[%emt 0:00:00]} d5 {[%emt 0:00:04]} 3. Nc3 {[%emt 0:00:00]} dxe4 {[%emt 0:00:05]} 4. Nxe4 {[%emt 0:00:00]} Bf5 {[%emt 0:00:05]} 5. Ng3 {[%emt 0:00:01]} Bg6 {[%emt 0:00:05]} 6. Nf3 {[%emt 0:00:06]} Nd7 {[%emt 0:00:18]} 7. Bc4 {[%emt 0:00:10]} e6 {[%emt 0:00:11]} 8. O-O {[%emt 0:00:07]} Ngf6 {[%emt 0:00:21]} 9. Re1 {[%emt 0:00:35]} Be7 {[%emt 0:01:00]} 10. Nh4 {[%emt 0:02:15]} O-O {[%emt 0:00:42]} 11. Nxg6 {[%emt 0:00:02]} hxg6 {[%emt 0:00:12]} 12. c3 {[%emt 0:00:21]} Nb6 {[%emt 0:02:44]} 13. Bb3 {[%emt 0:00:26]} Nbd5 {[%emt 0:02:10]} 14. Qf3 {[%emt 0:01:44]} Qc7 {[%emt 0:05:46]} 15. Ne4 {[%emt 0:00:24]} Nxe4 {[%emt 0:05:23]} 16. Rxe4 {[%emt 0:00:41]} Rfd8 {[%emt 0:07:13]} 17. g3 {[%emt 0:04:11]} Rd7 {[%emt 0:03:55]} 18. Kg2 {[%emt 0:08:31]} Rad8 {[%emt 0:02:54]} 19. h4 {[%emt 0:05:58]} Nf6 {[%emt 0:03:02]} 20. Re1 {[%emt 0:00:10]} c5 {[%emt 0:01:33]} 21. dxc5 {[%emt 0:01:24]} Bxc5 {[%emt 0:01:38]} 22. Bc2 {[%emt 0:00:43]} Qb6 {[%emt 0:03:37]} 23. Rh1 {[%emt 0:12:36]} Rd2 {[%emt 0:09:22]} 24. Bxd2 {[%emt 0:04:31]} Rxd2 {[%emt 0:00:15]} 25. Rhf1 {[%emt 0:03:28]} Rxc2 {[%emt 0:01:56]} 26. b3 {[%emt 0:02:45]} Nd5 {[%emt 0:05:29]} 27. b4 {[%emt 0:07:25]} Bd6 {[%emt 0:07:13]} 28. Rfc1 {[%emt 0:00:14]} Rxc1 {[%emt 0:01:50]} 29. Rxc1 {[%emt 0:00:09]} Qc6 {[%emt 0:03:49]} 30. a3 {[%emt 0:01:05]} Qc4 {[%emt 0:05:41]} 31. h5 {[%emt 0:06:17]} g5 {[%emt 0:02:39]} 32. h6 {[%emt 0:03:22]} gxh6 {[%emt 0:01:23]} 33. Qh5 {[%emt 0:01:00]} Kg7 {[%emt 0:00:18]} 34. Rh1 {[%emt 0:00:14]} Qe4+ {[%emt 0:00:09]} 35. Kf1 {[%emt 0:00:32]} Qg6 {[%emt 0:00:17]} 36. Qf3 {[%emt 0:00:28]} g4 {[%emt 0:00:55]} 37. Qd1 {[%emt 0:01:07]} Be7 {[%emt 0:06:28]} 38. c4 {[%emt 0:00:22]} Qe4 {[%emt 0:00:39]} 39. Kg1 {[%emt 0:02:42]} Qxc4 {[%emt 0:01:13]} 40. Qa4 {[%emt 0:02:00]} Qe2 {[%emt 0:16:44]} 41. Qxa7 {[%emt 0:27:59]} b6 {[%emt 0:00:00]} 42. Rh5 {[%emt 0:00:00]} Qe1+ {[%emt 0:00:00]} 43. Kg2 {[%emt 0:00:00]} Qe2 {[%emt 0:00:00]} 44. Kg1 {[%emt 0:00:00]} Nf6 {[%emt 0:00:00]} 45. Rh1 {[%emt 0:00:00]} Bd8 {[%emt 0:00:00]} 46. Qb8 {[%emt 0:00:00]} Ne4 {[%emt 0:00:49]} 47. Qf4 {[%emt 0:00:00]} Bg5 {[%emt 0:00:39]} 48. Qe5+ {[%emt 0:00:00]} Bf6 {[%emt 0:00:50]} 49. Qf4 {[%emt 0:00:00]} Bg5 {[%emt 0:00:55]} 50. Qe5+ {[%emt 0:00:00]} Kh7 {[%emt 0:00:09]} 51. Qd4 {[%emt 0:00:00]} Bd8 {[%emt 0:01:12]} 52. Rh2 {[%emt 0:05:24]} e5 {[%emt 0:00:09]} 53. Qe3 {[%emt 0:01:17]} Qxe3 {[%emt 0:00:09]} 54. fxe3 {[%emt 0:00:08]} Nxg3 {[%emt 0:00:06]} 55. Rd2 {[%emt 0:00:42]} Bg5 {[%emt 0:00:15]} 56. Kg2 {[%emt 0:00:58]} Ne4 {[%emt 0:00:31]} 57. Rd7 {[%emt 0:00:17]} Kg6 {[%emt 0:00:15]} 58. Rd3 {[%emt 0:00:35]} h5 {[%emt 0:00:17]} 59. a4 {[%emt 0:00:06]} h4 {[%emt 0:01:06]} 60. a5 {[%emt 0:00:21]} bxa5 {[%emt 0:00:17]} 61. bxa5 {[%emt 0:00:10]} Nc5 {[%emt 0:00:51]} 62. Rd5 {[%emt 0:00:29]} Bxe3 {[%emt 0:00:23]} 63. Rxe5 {[%emt 0:00:07]} h3+ {[%emt 0:00:12]} 64. Kf1 {[%emt 0:00:21]} Bf2 {[%emt 0:01:13]} 65. a6 {[%emt 0:00:26]} Nxa6 {[%emt 0:00:15]} 66. Kxf2 {[%emt 0:00:05]} Nc7 {[%emt 0:00:39]} 67. Kg3 {[%emt 0:00:43]} f5 {[%emt 0:00:10]} 68. Kf4 {[%emt 0:00:58]} h2 {[%emt 0:02:27]} 69. Re1 {[%emt 0:00:10]} Nd5+ {[%emt 0:00:13]} 70. Kg3 {[%emt 0:00:23]} Kg5 {[%emt 0:00:26]} 71. Kxh2 {[%emt 0:00:13]} Nf6 {[%emt 0:00:15]} 72. Re6 {[%emt 0:02:03]} Ne4 {[%emt 0:00:23]} 73. Kg2 {[%emt 0:01:18]} Kf4 {[%emt 0:00:21]} 74. Re8 {[%emt 0:00:44]} Ke3 {[%emt 0:00:21]} 75. Ra8 {[%emt 0:00:42]} f4 {[%emt 0:01:04]} 76. Ra3+ {[%emt 0:00:06]} Ke2 {[%emt 0:00:10]} 77. Ra2+ {[%emt 0:00:26]} Nd2 {[%emt 0:00:10]} 78. Rb2 {[%emt 0:00:30]} Ke1 {[%emt 0:01:43]} 79. Ra2 {[%emt 0:00:42]} f3+ {[%emt 0:00:59]} 80. Kg3 {[%emt 0:00:40]} f2 {[%emt 0:00:39]} 81. Ra1+ {[%emt 0:00:27]} 1/2-1/2